Schlecht umschriebene Städte - Statistiken

Allgemein
  • Dieses Quiz wurde 227 mal gespielt
  • Das Durchschnittsergebnis liegt bei 7 aus 10
Antwortstatistiken
Umschreibung Stadt % Korrekt
Dies ist eine deutsche Stadt, die es eigentlich gar nicht gibt Bielefeld
95%
In dieser Stadt spielt auch der zweite Teil eines berühmten Weihnachtsfilmes (Kevin) New York
93%
Die Modehauptstadt liegt in einem Land, in dem Foschschenkel verzehrt werden Paris
92%
Eine Haupstadt und das Gebäck wird missständlich „Pfannkuchen“ genannt Berlin
85%
Eine Stadt, die sich wie ein amerikanisches Fastfood-Essen anhört Hamburg
83%
Eine Stadt in Ostdeutschland, in der die Tradition eines Fußballklubs deprimierend tief ist Leipzig
70%
Die beiden Vereine dieser Stadt spielen im selben Stadion Mailand
58%
Eine Stadt, die Gott mithilfe seiner Engel geschaffen hat Los Angeles
51%
Eine russische Stadt die nicht in Russland liegt und früher einen König hatte Kaliningrad
49%
Eine Stadt, die sich auf Englisch so anhört, als wären dort massenhaft Kühe Moskau
40%
Keine übereinstimmenden Quizze gefunden
Verteilung der Resultate
Anzahl Personen mit jedem Resultat
Perzentil nach korrekt beantworteten Fragen
Ihre Resultats-Entwicklung
Sie haben dieses Quiz noch nicht gespielt